Forum argentino de forrajes
Guardado en:
| Formato: | Libro |
|---|---|
| Publicado: |
Buenos Aires :
Agro Medios, s/f
|
| Series: | Actualización Técnica en producción ganadera; no. 1
|
| Materias: | |
| Etiquetas: |
Agregar Etiqueta
Sin Etiquetas, Sea el primero en etiquetar este registro!
|
| LEADER | 01145nam a22002175a 4500 | ||
|---|---|---|---|
| 001 | CEM.cems018026 | ||
| 005 | 20130613114214.0 | ||
| 008 | 130507b######################000#0#####d | ||
| 003 | CEMS | ||
| 082 | 0 | 4 | |a 636.0862 |
| 245 | 0 | 0 | |a Forum argentino de forrajes |
| 260 | |a Buenos Aires : |b Agro Medios, s/f | ||
| 300 | |a 106 p. | ||
| 490 | 0 | |a Actualización Técnica en producción ganadera; no. 1 | |
| 505 | 0 | |a Reservas de forrajes -- Henificación -- Silajes -- Elaboración de ensilaje con planta entera de maíz : una tecnología simple para pequeños agricultores -- Silaje : maíz y sorgo picado fino -- Como detectar el momento óptimo para comenzar a picar maíz -- Utilización de silaje de maíz en vacas lecheras en pastoreo -- Eficiencia en el uso del grano de maíz en la alimentación de novillos a corral en relación al forraje voluminoso y su condición física -- Sorgo -- Silajes mezcla de sorgo forrajero y soja -- Heno de sorgos | |
| 653 | |a Forrajes | ||
| 653 | |a Forrajes-reserva | ||
| 653 | |a Silajes | ||
| 653 | |a Henificación | ||
| 653 | |a Granos-alimentación | ||
| 859 | |a CEMS |b BIB. CEMS - Agricultura |h 636.0862 |i F779 |p A1906.13 |t Ej.1 | ||
